| 000 | 00532cam a2200193 4500500 | ||
|---|---|---|---|
| 005 | 20260329003243.0 | ||
| 041 | _afre | ||
| 042 | _adc | ||
| 100 | 1 | 0 |
_aOrtoli, Sven _eauthor |
| 245 | 0 | 0 | _aBackstage |
| 260 | _c2015. | ||
| 500 | _a44 | ||
| 690 | _aHygiène | ||
| 690 | _aToilette | ||
| 690 | _aWater-closet | ||
| 690 | _aWC | ||
| 786 | 0 | _nPhilosophie magazine | 88 | 4 | 2015-04-01 | p. 14-14 | 1951-1787 | |
| 856 | 4 | 1 | _uhttps://shs.cairn.info/magazine-philosophie-magazine-2015-4-page-14?lang=fr&redirect-ssocas=7080 |
| 999 |
_c1822829 _d1822829 |
||